000 00276nam a2200109Ia 4500
001 1263938
005 20260417141928.0
008 260417s9999 xx 000 0 und d
020 _a9786256126503
245 0 _aAnneler ve Kudüsler
_cNuri Pakdil
260 _bKetebe Yayınları
999 _c1263938
_d1263938